000 00549nam a2200169Ia 4500
005 20250424120324.0
008 250424s9999 xx 000 0 und d
022 _a20069243
050 _aDT 515 .S78/
245 0 _aStudies in politics and society : journal of the Nigerian Political Science Association.
260 _a Benin City, Nigeria
260 _bSIPAS
260 _c2014
300 _aiv, 244p. :ill. ; 21 cm.
650 _aNigeria--Politics and government--Periodicals. Nigeria--Social conditions--1960---Periodicals.
942 _cSR
999 _c38656
_d38656